000 00274nam a2200133Ia 4500
100 _a#N/A
650 _aComputers
942 _cBK
654 _aMASTERING PAGE EMAKER
245 _aMASTERING PAGE MAKER 5.0.
260 _bB.P.B.PUBL.
082 _bALT
546 _aENGLISH
999 _c23251
_d23251